5HLuxD.jpg

KING HENRY VIII SENIOR AND PRIMARY SCHOOL LIBRARY OPAC

100 THINGS TO KNOW ABOUT ART (Record no. 4738)

000 -LEADER
fixed length control field 00330nam a22001217a 4500
008 - FIXED-LENGTH DATA ELEMENTS--GENERAL INFORMATION
fixed length control field 250313b ||||| |||| 00| 0 eng d
020 ## - INTERNATIONAL STANDARD BOOK NUMBER
International Standard Book Number 9780711263420
082 ## - DEWEY DECIMAL CLASSIFICATION NUMBER
Classification number 700 HOD
100 ## - MAIN ENTRY--PERSONAL NAME
Personal name HODGE,SUSIE
Relator term AUTHOR
245 ## - TITLE STATEMENT
Title 100 THINGS TO KNOW ABOUT ART
260 ## - PUBLICATION, DISTRIBUTION, ETC.
Place of publication, distribution, etc. THE OLD BREWERY,6 BLUNDELL STREET
Name of publisher, distributor, etc. HAPPY YAK
Date of publication, distribution, etc. 2021
942 ## - ADDED ENTRY ELEMENTS (KOHA)
Source of classification or shelving scheme
Holdings
Withdrawn status Lost status Source of classification or shelving scheme Damaged status Not for loan Collection code Permanent Location Current Location Shelving location Date acquired Total Checkouts Full call number Barcode Date last seen Date last checked out Price effective from Koha item type Public note
          Non-Fiction KH8 Primary School Library KH8 Primary School Library Non Fiction 2025-03-13 10 700 HOD KHPL000006555 2026-03-16 2026-03-02 2025-03-13 Books - Non Ficton KH8 PRIMARY LIBRARY

Powered By KH8 IT Dept